00785cam a22002057a 4500003000500000005001700005008004100022010001000063011001000073035001000083040000900093100004500102245017000147260004100317300002200358502010700380650003700487650003000524650002500554CHAP20220329142706.0010920d2001 mx r 00110 spa d a86584 a87556 a98100 cCHAP00aDomínguez García, Hernán Faustino.10aDensidades de siembra y control químico de la maleza en el cultivo de alfalfa (Medicago sativa L.) en Chapingo, Méx.c/por Hernán Faustino Domínguez García aChapingo, Méx. :bEl autor,c2002. a44 h. ;bgráfs. aTesis (Ing. Agr. Esp. en Parasitología Agricola) -- UACH. Departamento de Parasitología Agrícola14aAlfalfaxMalas hierbasxControl.14aAlfalfazMéxico (Edo.).14aDensidad de siembra.